[Event "Hastings Challengers 1987/88"]
[Site "Hastings"]
[Date "1988.01.06"]
[Round "9"]
[White "Lalic, Susan Kathryn"]
[Black "Flear, Glenn C"]
[Result "1-0"]
[WhiteElo "2335"]
[BlackElo "2495"]
[PlyCount "61"]
[EventDate "1987.12.29"]
[EventType "swiss"]
[EventRounds "10"]
[EventCountry "ENG"]
[SourceTitle "BritBase"]
[Source "John Saunders"]
[SourceDate "2024.12.03"]
[SourceVersion "1"]
[SourceVersionDate "2024.12.03"]
[SourceQuality "1"]

1. e4 e5 2. Nf3 Nc6 3. d4 exd4 4. Nxd4 Nf6 5. Nc3 Bb4 6. Nxc6 bxc6 7. Bd3 d5 8. exd5 cxd5 9. O-O O-O 10. Bg5 c6 11. Qf3 Be7 12. Rfe1 Re8 13. h3 h6 14. Bf4 Qb6 15. b3 Ba6 16. Na4 Qb7 17. Rxe7 Rxe7 18. Nc5 Qb6 19. Nxa6 c5 20. a4 Rae8 21. Bb5 Re1+ 22. Rxe1 Rxe1+ 23. Kh2 Ne4 24. Nc7 c4 25. Nxd5 Qd4 26. Ne7+ Kh7 27. Nf5 Qa1 28. Ng3 f5 29. Bxc4 Nxg3 30. Kxg3 g5 31. Qb7+ {Source: BCM, February 1988, p53. White achieved WGM norm with this win.} 1-0

[Event "Hastings Challengers 1987/88"]
[Site "Hastings"]
[Date "1988.01.07"]
[Round "10"]
[White "Plaskett, H James"]
[Black "Franklin, Michael J"]
[Result "1-0"]
[WhiteElo "2460"]
[BlackElo "2290"]
[PlyCount "113"]
[EventDate "1987.12.29"]
[EventType "swiss"]
[EventRounds "10"]
[EventCountry "ENG"]
[SourceTitle "BritBase"]
[Source "John Saunders"]
[SourceDate "2024.12.03"]
[SourceVersion "1"]
[SourceVersionDate "2024.12.03"]
[SourceQuality "1"]

1. e4 c5 2. Nf3 a6 3. c4 e6 4. Nc3 Nc6 5. d4 cxd4 6. Nxd4 Bc5 7. Nb3 Ba7 8. Be2 Nge7 9. Bf4 O-O 10. Bd6 f6 11. O-O Rf7 12. Kh1 b6 13. Qd2 Bb7 14. f4 Nc8 15. Ba3 Bb8 16. Rad1 Qc7 17. g3 f5 18. Bh5 g6 19. Bf3 Ra7 20. Rfe1 Ba8 21. e5 Nd8 22. Bxa8 Rxa8 23. Qg2 Ra7 24. Rc1 Ne7 25. c5 b5 26. Nd2 Rg7 27. Nf3 Nf7 28. c6 Nxc6 29. Nd5 exd5 30. e6 dxe6 31. Rxe6 Qd7 32. Rcxc6 Nd8 33. Qe2 Nxe6 34. Rxe6 h6 35. Re8+ Kh7 36. Rxb8 d4 37. Qe8 Qxe8 38. Rxe8 d3 39. Bb4 a5 40. Bc3 Rg8 41. Rxg8 Kxg8 42. a3 Rc7 43. Nd2 Re7 44. Be5 g5 45. h3 gxf4 46. gxf4 Re6 47. Kg2 Rg6+ 48. Kf2 Kf7 49. Nf3 Ke8 50. Bc3 Rc6 51. Nd4 Rc4 52. Ke3 b4 53. axb4 axb4 54. Nxf5 Kd7 55. Be5 Rc2 56. Kxd3 Rh2 57. h4 1-0

[Event "Hastings Challengers 1987/88"]
[Site "Hastings"]
[Date "1988.01.07"]
[Round "10"]
[White "Stefansson, Hannes"]
[Black "Renet, Olivier"]
[Result "1-0"]
[WhiteElo "2335"]
[BlackElo "2455"]
[PlyCount "37"]
[EventDate "1987.12.29"]
[EventType "swiss"]
[EventRounds "10"]
[EventCountry "ENG"]
[SourceTitle "BritBase"]
[Source "John Saunders"]
[SourceDate "2024.12.03"]
[SourceVersion "1"]
[SourceVersionDate "2024.12.03"]
[SourceQuality "1"]

1. e4 c5 2. Nf3 d6 3. d4 cxd4 4. Nxd4 Nf6 5. Nc3 a6 6. Bc4 e6 7. Bb3 b5 8. Be3 Be7 9. f4 O-O 10. O-O Bb7 11. e5 dxe5 12. fxe5 Ne4 13. Nxe4 Bxe4 14. Qg4 Bg6 15. Rad1 Qc7 16. Nxe6 fxe6 17. Qxe6+ Kh8 18. Rxf8+ Bxf8 19. Qg8# {Source: BCM, March 1988, p133} 1-0